000
00322nam a2200109Ia 4500
008
191206s9999 xx 000 0 und d
090
_a
PR5397M7
245
0
_a
Frankenstein
260
_c
c1997
300
_a
"1 videocassette of 1 : sd., col. ; 1/2 in. viewing"
999
_c
16007
_d
16007